Managerial communication (Record no. 7208)

MARC details
000 -LEADER
fixed length control field 00725 a2200205 4500
005 - DATE AND TIME OF LATEST TRANSACTION
control field 2008092401011.0
008 - FIXED-LENGTH DATA ELEMENTS--GENERAL INFORMATION
fixed length control field 080924t xxu||||| |||| 00| 0 eng d
010 ## - LCCN (DPL NO)
LC control number ENG-87862
020 ## - INTERNATIONAL STANDARD BOOK NUMBER
Terms of availability 240.00
035 ## - SYSTEM CONTROL NUMBER
System control number EN-71395
037 ## - SOURCE OF ACQUISITION
Source of stock number/acquisition D.B.Act / Pub
082 ## - DEWEY DECIMAL CLASSIFICATION NUMBER
Classification number 658.45
100 ## - MAIN ENTRY--PERSONAL NAME
Personal name Rai, Urmila
245 ## - TITLE STATEMENT
Title Managerial communication
Statement of responsibility, etc by Urmila Rai and S. M. Rai
260 ## - PUBLICATION, DISTRIBUTION, ETC. (IMPRINT)
Place of publication, distribution, etc Mumbai
Name of publisher, distributor, etc Himalaya Publishing House
Date of publication, distribution, etc 2007
300 ## - PHYSICAL DESCRIPTION
Extent 428 p.
Dimensions 24 cm. (Pbk.)
700 ## - ADDED ENTRY--PERSONAL NAME
Personal name Rai, S. M.
942 ## - ADDED ENTRY ELEMENTS (KOHA)
Institution code [OBSOLETE] dpl
Item type English Books
Call number prefix 658.45 / RAI
Source of classification or shelving scheme Dewey Decimal Classification
Classification part 658.45
Call number suffix RAI
Holdings
Withdrawn status Lost status Source of classification or shelving scheme Damaged status Not for loan Collection code Home library Current library Date acquired Cost, normal purchase price Total Checkouts Full call number Barcode Date last seen Copy number Cost, replacement price Koha item type
    Dewey Decimal Classification   Not For Loan Non-fiction D.B.Act.Division D.B.Act.Division 24/09/2008 240.00   658.45 RAI EN-71395 15/09/2008 1 240.00 English Books

© Delhi Public Library
Hit Counter
free hit counter